[Event "Dzhubga Rapid op"]
[Site "Dzhubga"]
[Date "2023.08.10"]
[Round "1"]
[White "Del, Nikita"]
[Black "Petrov, Nikita"]
[Result "0-1"]
[WhiteElo "1263"]
[BlackElo "2551"]
[PlyCount "70"]
[EventDate "2023.08.10"]
[EventType "swiss (rapid)"]
[EventRounds "11"]
[EventCountry "RUS"]
[SourceTitle "CBM 215 Extra"]
[Source "ChessBase"]
[SourceDate "2023.09.30"]
[SourceVersion "1"]
[SourceVersionDate "2023.09.30"]
[SourceQuality "1"]

1. e4 c5 2. Nf3 d6 3. d4 cxd4 4. Qxd4 Nf6 5. Nc3 a6 6. Bg5 Nc6 7. Qe3 e6 8. 0-0-0 Qa5 9. Kb1 Bd7 10. Bc4 Be7 11. Bh4 Rc8 12. Bb3 b5 13. Bg3 Ng4 14. Qd2 b4 15. Ne2 0-0 16. h3 Nge5 17. Nxe5 Nxe5 18. Bxe5 Qxe5 19. Qxb4 Bc6 20. f3 a5 21. Qd4 Qb5 22. Nc3 Qb7 23. f4 Bf6 24. e5 dxe5 25. fxe5 Be7 26. Rhg1 Bb4 27. Ne2 a4 28. Bc4 Be4 29. Bd3 Bd5 30. c4 Bc6 31. Ka1 g6 32. a3 Rfd8 33. Qe3 Bf8 34. g4 Rb8 35. Qd2 Rxd3 0-1

[Event "Wch U10 blitz"]
[Site "Batumi"]
[Date "2023.06.11"]
[Round "7"]
[White "Babeikin, Kiryl"]
[Black "Del, Nikita"]
[Result "1-0"]
[WhiteElo "1307"]
[BlackElo "1407"]
[PlyCount "109"]
[EventDate "2023.06.10"]
[EventType "swiss (blitz)"]
[EventRounds "11"]
[EventCountry "GEO"]
[SourceTitle "EXT 2024"]
[Source "ChessBase"]
[SourceDate "2023.10.10"]
[SourceVersion "1"]
[SourceVersionDate "2023.10.10"]
[SourceQuality "1"]
[WhiteTeam "FIDE"]
[BlackTeam "Russia"]
[BlackTeamCountry "RUS"]

1. e4 c5 2. Nf3 Nc6 3. d4 cxd4 4. Nxd4 g6 5. c4 Bg7 6. Nc2 d6 7. Nc3 Nf6 8. Be2 0-0 9. 0-0 Bd7 10. Be3 Rc8 11. Rc1 a6 12. Qd2 Re8 13. Rfd1 Ne5 14. b3 Bc6 15. f3 h5 16. Nd4 Qc7 17. Nd5 Qd8 18. Bh6 e6 19. Bxg7 Kxg7 20. Nxc6 Rxc6 21. Nxf6 Qxf6 22. Qb4 Qe7 23. Qc3 Qf6 24. Qb4 Qe7 25. f4 Ng4 26. Bxg4 hxg4 27. Qc3+ e5 28. fxe5 Qxe5 29. Qxe5+ Rxe5 30. Rd4 Kf6 31. Rcd1 Ke6 32. Kf2 f5 33. exf5+ gxf5 34. Kg3 b5 35. cxb5 Rxb5 36. R1d2 Re5 37. Kf4 d5 38. Kg5 Rc7 39. h4 Rg7+ 40. Kh6 Rd7 41. g3 Rc7 42. R4d3 Rc6 43. Kg7 Rc7+ 44. Kg6 Rc6 45. h5 Ke7+ 46. Kg7 Rd6 47. Kh7 Rd7 48. Kg6 Rd6+ 49. Kg5 Ke6 50. h6 Ke7 51. h7 Rd8 52. Kg6 Re6+ 53. Kxf5 Rh8 54. Rxd5 Re3 55. Rd7+ 1-0

[Event "Wch U10 rapid"]
[Site "Batumi"]
[Date "2023.06.08"]
[Round "8"]
[White "Del, Nikita"]
[Black "Guo, Ethan"]
[Result "0-1"]
[WhiteElo "1338"]
[BlackElo "2011"]
[PlyCount "80"]
[EventDate "2023.06.06"]
[EventType "swiss (rapid)"]
[EventRounds "11"]
[EventCountry "GEO"]
[SourceTitle "EXT 2024"]
[Source "ChessBase"]
[SourceDate "2023.10.10"]
[SourceVersion "1"]
[SourceVersionDate "2023.10.10"]
[SourceQuality "1"]
[WhiteTeam "FIDE"]
[BlackTeam "United States"]
[BlackTeamCountry "USA"]

1. e4 c5 2. Nf3 e6 3. d4 cxd4 4. Nxd4 Nc6 5. Nxc6 bxc6 6. Be3 d5 7. exd5 cxd5 8. c3 Nf6 9. Nd2 Be7 10. Nf3 0-0 11. Bd4 Rb8 12. Rb1 Qa5 13. a3 Bd7 14. Bd3 Ba4 15. Qe2 Bb3 16. 0-0 Rfc8 17. Rfe1 Bc4 18. Ne5 Bxd3 19. Qxd3 Rb7 20. Qg3 Qc7 21. f3 Rcb8 22. Qf2 Bxa3 23. b4 a5 24. Ng4 Nxg4 25. fxg4 Qd7 26. Be5 Rc8 27. bxa5 Ra7 28. Rb3 Rxa5 29. Reb1 Bc5 30. Bd4 Bxd4 31. Qxd4 Qa7 32. Rb6 Ra4 33. Qe5 Rxg4 34. Qd6 Rgc4 35. R1b3 R4c6 36. Qb4 g6 37. Qd4 Rxb6 38. Rxb6 Qa1+ 39. Kf2 Qxc3 40. Qa4 Qc5+ 0-1

[Event "Wch U10 rapid"]
[Site "Batumi"]
[Date "2023.06.08"]
[Round "10"]
[White "Del, Nikita"]
[Black "Zabelin, Platon"]
[Result "1-0"]
[WhiteElo "1338"]
[BlackElo "1696"]
[PlyCount "67"]
[EventDate "2023.06.06"]
[EventType "swiss (rapid)"]
[EventRounds "11"]
[EventCountry "GEO"]
[SourceTitle "EXT 2024"]
[Source "ChessBase"]
[SourceDate "2023.10.10"]
[SourceVersion "1"]
[SourceVersionDate "2023.10.10"]
[SourceQuality "1"]
[WhiteTeam "FIDE"]
[BlackTeam "FIDE"]

1. e4 c6 2. d4 d5 3. exd5 cxd5 4. Bd3 Nc6 5. c3 Nf6 6. h3 Qc7 7. Nf3 e6 8. 0-0 Bd6 9. Re1 0-0 10. Qe2 a6 11. Nbd2 b5 12. Ne5 Bxe5 13. dxe5 Nd7 14. Nf3 b4 15. Bc2 bxc3 16. bxc3 f5 17. Ba3 Re8 18. Bd6 Qa5 19. Qd3 Nc5 20. Qe3 Ne4 21. Nd4 Nxd4 22. cxd4 Nxd6 23. exd6 Bd7 24. Qe5 Rac8 25. Bb3 Qa3 26. Re3 Rc1+ 27. Rxc1 Qxc1+ 28. Kh2 Qc6 29. Rg3 g6 30. h4 Qc1 31. f4 Kf7 32. h5 Rg8 33. Bxd5 exd5 34. Qe7# 1-0

[Event "Wch U10 rapid"]
[Site "Batumi"]
[Date "2023.06.06"]
[Round "2"]
[White "Del, Nikita"]
[Black "Bulgak, Damir"]
[Result "1/2-1/2"]
[WhiteElo "1338"]
[BlackElo "1836"]
[PlyCount "198"]
[EventDate "2023.06.06"]
[EventType "swiss (rapid)"]
[EventRounds "11"]
[EventCountry "GEO"]
[SourceTitle "EXT 2024"]
[Source "ChessBase"]
[SourceDate "2023.10.10"]
[SourceVersion "1"]
[SourceVersionDate "2023.10.10"]
[SourceQuality "1"]
[WhiteTeam "FIDE"]
[BlackTeam "FIDE"]

1. e4 e5 2. Nf3 Nc6 3. Be2 Nf6 4. Nc3 d6 5. d4 exd4 6. Nxd4 Be7 7. 0-0 0-0 8. Be3 Bd7 9. Qd2 a6 10. Rad1 Nxd4 11. Bxd4 Bc6 12. f3 Re8 13. Qg5 g6 14. Qh6 Nh5 15. Be3 Bf8 16. Qg5 Be7 17. Qh6 Bf6 18. g4 Re5 19. Bc1 Bg7 20. Qe3 Nf6 21. Qf2 Nd7 22. Bf4 Re8 23. Be3 Qe7 24. h4 f5 25. Bg5 Bf6 26. Bc4+ Kh8 27. Bxf6+ Qxf6 28. g5 Qg7 29. exf5 gxf5 30. Qd4 Ne5 31. Bd5 Bxd5 32. Nxd5 c5 33. Qc3 b5 34. f4 b4 35. Qg3 Ng4 36. Rfe1 Rac8 37. c3 bxc3 38. Qxc3 Rb8 39. h5 Qxc3 40. bxc3 Kg7 41. h6+ Kf7 42. a4 Re4 43. Rxe4 fxe4 44. f5 Re8 45. Re1 Re5 46. Nf4 Rxf5 47. Rxe4 Rxg5 48. Kf1 Ne5 49. Nd5 Rf5+ 50. Ke2 a5 51. Ne3 Ke6 52. Nxf5 Kxf5 53. Re3 d5 54. Rg3 Ng6 55. Kd3 Nf4+ 56. Ke3 Ng6 57. Rf3+ Ke6 58. Rg3 Ke5 59. Rg5+ Ke6 60. Rg3 Kf5 61. Rf3+ Ke6 62. Rg3 Ne7 63. Kf4 Nf5 64. Rg5 Nxh6 65. Rh5 Nf7 66. Rxh7 Nd6 67. Ra7 Nc4 68. Ra6+ Kd7 69. Kf5 Kc7 70. Rh6 Nb6 71. Rh7+ Kc6 72. Rh6+ Kb7 73. Rh7+ Ka6 74. Rh6 Ka7 75. Rh7+ Ka6 76. Rh6 Kb7 77. Rh7+ Kc6 78. Rh6+ Kc7 79. Rh7+ Kc8 80. Rh8+ Kd7 81. Ke5 Kc6 82. Rh6+ Kc7 83. Rh7+ Kc6 84. Rh6+ Kb7 85. Rh7+ Ka6 86. Rh6 Ka7 87. Rc6 c4 88. Kd4 Nxa4 89. Kxd5 Nxc3+ 90. Kxc4 Ne4 91. Kd4 Nd2 92. Kd3 Nb3 93. Kc3 a4 94. Rc4 Kb6 95. Kb4 Na5 96. Rh4 Nc6+ 97. Kxa4 Kc5 98. Rh5+ Kd6 99. Kb5 Ne5 1/2-1/2